| 000 | 00867nam a22002777a 4500 | ||
|---|---|---|---|
| 003 | CHAP | ||
| 005 | 20220329135008.0 | ||
| 008 | 971013s1961 r 00010 d | ||
| 010 | _a29230 | ||
| 011 | _a30202 | ||
| 035 | _a34314 | ||
| 040 | _cCHAP | ||
| 082 |
_a624.177 _bL46Y |
||
| 100 | 0 | 0 |
_aLeontovich, Valerian. _966079 |
| 245 | _aPórticos y arcos, soluciones condensadas para el análisis estructural | ||
| 260 |
_aMéxico : _bCECSA, _c1961 |
||
| 300 |
_a522 p. _b: ilus. |
||
| 500 | _ac.2 reimp. de 1970 | ||
| 590 |
_aBATCH-UPD _b10 _c20130110 _lUCH01 _h2113 |
||
| 590 |
_aCONVERSION _b10 _c20130109 _lUCH01 _h1317 |
||
| 650 | 1 | 4 |
_aArcos. _96835 |
| 901 | _aBK | ||
| 942 | _cLIBRO | ||
| 949 |
_a624.177 L46Y _bBC _cLIBRO _d33724000018750 _eLIBRO _h15658 _i34314 _si _t90.00 |
||
| 949 |
_a624.177 L46Y _bBC _cLIBRO _d33724000018768 _eLIBRO _fc.2 _h18787 _i34314 _si _t90.00 |
||
| 999 |
_c29230 _d29230 |
||